| 000 | 00376 a2200169 4500 | ||
|---|---|---|---|
| 001 | 71391 | ||
| 020 | _a8532244114 | ||
| 040 | _cAnchieta - Colégio São Paulo | ||
| 100 | _aCarraro, Fernando | ||
| 240 | 1 | 0 |
_aA Terra vista do alto _lpor |
| 245 | 1 | 0 | _aA Terra vista do alto |
| 300 | _a55 | ||
| 362 | 0 | _a2000 | |
| 440 | 1 | _aFTD | |
| 650 | 4 | _aLiteratura juvenil | |
| 942 | _cBK | ||
| 999 |
_c71391 _d71391 |
||